000 00323nam a22001337a 4500
008 170302b xxu||||| |||| 00| 0 eng d
020 _a019262962x
041 _aeng
080 _22ND
_a575
100 _a6
101 _aSHM
245 _aINTRODUCTION TO RISK CALCULATION IN GENETIC COUNSELING
_cYOUNG, I.D
942 _2udc
_cBK
999 _c6587
_d6587